000 01409nam a2200373 c 4500
001 53532
003 ES-MaCES
005 20250121112849.0
008 250120s2024 sp 000 | spa d
017 _aBI 00385-2024
_bDL
020 _a9788490826430
040 _aES-MaCES
_bspa
_cES-MaCES
245 0 0 _aRepensar las sociedades en transición
_b: cambio social, formas emergentes de subjetividad e identidad en la sociedad contemporánea
_ceds., Carlos García Grados, Carlos, Joseba García Martín, Benjamín Tejerina
260 _aBilbao
_bUniversidad del País Vasco = Euskal Herriko Unibertsitatea
_c[2024]
300 _a146 p.
_bfot. bl. y n.
_c24 cm
504 _aBibliografía
541 _cCompra
650 4 _asociedad
_927269
650 4 _acambio social
_927286
650 4 _aadaptación social
_927281
650 4 _asistema de valores
_929392
650 4 _aestilo de vida
_929385
650 4 _aidentidad cultural
_929870
650 4 _adesarrollo social
_929239
650 4 _aciencias sociales
_927256
650 4 _ainvestigación sociológica
_927260
653 1 0 _aCiencias Sociales-Políticas
700 1 _941278
_aGarcía Grados, Carlos
_eed. lit.
700 1 _941279
_aGarcía Martín, Joseba
_eed. lit.
700 1 _924763
_aTejerina Montaña, Benjamín
_eed. lit.
710 2 _aUniversidad del País Vasco
_eed.
_95303
902 _aLIB Libro
942 _2CES
_cBK
_h7.0.
999 _c53532
_d53532